000 00303nam a2200109Ia 4500
001 1272972
005 20260417151438.0
008 260417s9999 xx 000 0 und d
020 _a9789944698962
245 0 _aSıkı Arkadaşlar ve Spagetti Canavarı
_cAndreas Steinhöfel
260 _bTudem Yayınları
999 _c1272972
_d1272972